MARC

LEADER 00000nam0a2200000 4500
001 18339
005 20231030191240.0
010 |a 5866390083 
035 |a (RuTPU)RU\TPU\book\18488 
035 |a BOOK00003176 
090 |a 18339 
100 |a 20011209d1994 m y0rusy50 ca 
101 0 |a rus 
102 |a RU 
105 |a y j 000zy 
200 1 |a История государства и права России  |e Курс лекций  |f И. А. Исаев 
210 |a Москва  |c Бек  |d 1994 
215 |a 255 с. 
610 1 |a право 
610 1 |a государство и право 
610 1 |a история 
610 1 |a Россия 
610 1 |a Древняя Русь 
610 1 |a Московское государство 
610 1 |a Российская империя 
610 1 |a учебные пособия 
686 |a Х2(2)я7  |v LBC/SL-A  |2 rubbk 
700 1 |a Исаев  |b И. А.  |g Иван Андреевич 
801 0 |a RU  |b 63413507  |c 20011209  |g PSBO 
801 2 |a RU  |b 63413507  |c 20170309  |g PSBO 
942 |c BK